000 00844nam a2200265Ia 4500
003 OSt
005 20220930072745.0
006 a|||||r|||| 00| 0
007 ta
008 220926b |||||||| |||| 00| 0 eng d
024 _a24874
037 _cTheses
040 _aCRL
_cCRL
_beng
041 _2eng
_aeng
100 _aSharma Shailesh Kumar
_9530375
110 _aUniversity of Delhi. Faculty of Medical Sciences. Department of Paediatrics
245 0 _aStudy of prevalence of urinary abnormalities in slum children
260 _c1998
300 _a36p.
_ap.
_ccm.
650 _aCHILDREN - DISEASES
700 _a Dr B Rath Supervisor
_9529963
700 _aUniversity of Delhi. Faculty of Medical Sciences. Department of Paediatrics
942 _cDIS
_2CC
999 _c864276
_d864276